Charakterizovanie dezinformácií súvisiacich s COVID-19

Uložené v:
Podrobná bibliografia
Hlavný autor: Horváth, Dominik (Autor)
Ďalší autori: Srba, Ivan (Vedúci práce)
Médium: Rukopis Kniha
Jazyk:Slovak
Vydavateľské údaje: 2021
Predmet:
On-line prístup:http://is.stuba.sk/zp/portal_zp.pl?podrobnosti=148387
Tagy: Pridať tag
Žiadne tagy, Buďte prvý, kto otaguje tento záznam!

MARC

LEADER 00000ntm a22000003a 4500
001 stuzp85468
003 SK-STU
005 20210626212333.7
007 ta
008 150427s2015----xo-----f-mn---000-0-slo-d
040 |a STU  |b slo 
041 0 |a slo 
100 1 |a Horváth, Dominik  |u 070200  |4 aut  |U FIIT Fakulta informatiky a informačných technológií  |T FIIT Ústav informatiky, informačných systémov a softvérového inžinierstva  |X 96885  |U I200  |Y 179  |7 96885 
242 0 1 |a Characterizing disinformation related to COVID-19  |y eng 
245 1 0 |a Charakterizovanie dezinformácií súvisiacich s COVID-19 
260 |c 2021 
650 4 |a dezinformácie  |2 slo 
650 4 |a dátová analýza  |2 slo 
650 4 |a covid-19  |2 slo 
650 4 |a fake news  |2 eng 
650 4 |a data analysis  |2 eng 
650 4 |a covid-19  |2 eng 
700 1 |a Srba, Ivan  |4 ths  |X 47914  |7 47914 
856 4 |u http://is.stuba.sk/zp/portal_zp.pl?podrobnosti=148387